Queens neighborhoods NYC - Statistics

General Stats
  • This quiz has been taken 102 times
  • The average score is 30 of 126
Answer Stats
Answer % Correct
Astoria
88%
Flushing
85%
Jamaica
80%
Corona
77%
Jackson heights
69%
Long island city
69%
Forest Hills
66%
Elmhurst
63%
Maspeth
62%
Sunnyside
60%
Woodside
60%
Middle village
58%
Far rockaway
55%
Ozone park
54%
Rego park
54%
Bayside
52%
Kew gardens
52%
College point
51%
Ridgewood
51%
Queens village
49%
Whitestone
49%
Little neck
46%
Howard Beach
43%
Briarwood
42%
East elmhurst
42%
Hollis
42%
Jamaica estates
42%
Richmond hill
42%
Woodhaven
42%
Fresh meadows
40%
Glendale
38%
Rosedale
37%
Cambria heights
35%
Douglaston
35%
South jamaica
35%
South ozone park
34%
Springfield gardens
32%
Ditmars
31%
Laurelton
31%
Murray hill
31%
St. albans
31%
Steinway
31%
Floral park
29%
Rockaway beach
29%
Breezy point
28%
Glen oaks
28%
hunters point
28%
Auburndale
26%
Arverne
25%
Broad channel
25%
Bellerose
23%
Kew gardens hills
23%
North corona
23%
Edgemere
22%
Rockaway park
22%
Jamaica hills
20%
Oakland gardens
20%
Pomonok
20%
Queensbridge
20%
Astoria heights
18%
Flushing meadows
18%
Hollis hills
18%
Laguardia
18%
Malba
18%
Bayswater
17%
Belle harbor
17%
Hamilton Beach
17%
Holliswood
17%
Old howard beach
17%
Sunnyside gardens
17%
Brookville
15%
Neponsit
15%
Willets point
15%
Queensboro hill
14%
Utopia
14%
Hillcrest
12%
The hole
12%
Beechhurst
11%
Chinatown
11%
Forest hills gardens
11%
Lindenwood
11%
Roxbury
11%
Downtown flushing
9%
Lefrak city
9%
Linden hill
9%
ravenswood
9%
Clearview
8%
Dutch kills
8%
Fort totten
8%
Bellaire
6%
Corona park
6%
Douglas manor
6%
Fresh pond
6%
Hammels
6%
Koreatown
6%
Seaside
6%
Bayside hills
5%
Bowne park
5%
Meadowmere
5%
Blissville
3%
Broadway-flushing
3%
Electchester
3%
Ramblersville
3%
Rockwood park
3%
Warnerville
3%
Bayside terrace
2%
Boulevard gardens
2%
Little manila
2%
Rochdale village
2%
Douglas bay
0%
Douglaston hill
0%
Douglaston park
0%
Howard park
0%
Landing lights
0%
Little egypt
0%
Little neck hills
0%
North beach
0%
North shore towers
0%
Parkway village
0%
Pines
0%
Queensview
0%
Queens west
0%
Tudor village
0%
Westmoreland
0%
Winchester estates
0%
Wyckoff heights
0%
No matching quizzes found
Score Distribution
Percent of People with Each Score
Percentile by Number Answered
Your Score History
You have not taken this quiz